[Event "Gaprindashvili Cup (Women)"]
[Site "Tornelo INT"]
[Date "2020.11.09"]
[Round "4"]
[White "Gvatua, Mariam"]
[Black "Asatiani, Tamar"]
[Result "1-0"]
[WhiteElo "1343"]
[BlackElo "1004"]
[PlyCount "131"]
[EventDate "2020.11.08"]
[EventType "swiss (rapid)"]
[EventRounds "9"]
[EventCountry "GEO"]
[SourceTitle "CBM 199 Extra"]
[Source "ChessBase"]
[SourceDate "2021.01.31"]
[SourceVersion "1"]
[SourceVersionDate "2021.01.31"]
[SourceQuality "1"]

1. d4 d5 2. Nf3 Nc6 3. c4 Nf6 4. cxd5 Nxd5 5. e4 Nf6 6. Nc3 Bg4 7. d5 Ne5 8. Be2 Nxf3+ 9. Bxf3 Bd7 10. e5 Ng8 11. 0-0 e6 12. dxe6 Bxe6 13. Bxb7 Rb8 14. Bc6+ Bd7 15. Bd5 Ne7 16. Bb3 Ng6 17. Re1 Be7 18. Ba4 Bxa4 19. Qxa4+ Qd7 20. Qxa7 0-0 21. Qa4 Qf5 22. Qe4 Qe6 23. Nd5 c6 24. Nxe7+ Nxe7 25. b3 Nd5 26. Bb2 Rb4 27. Qc2 Rg4 28. Re4 Qg6 29. f3 Ne3 30. Qc3 Rxe4 31. Qd2 Nc2 32. fxe4 Nxa1 33. Bxa1 Qxe4 34. Bc3 h6 35. h3 Ra8 36. a4 Qb1+ 37. Kh2 Qxb3 38. a5 Qe6 39. Qd4 Qe7 40. Kh1 c5 41. Qd5 Rd8 42. Qf3 Qg5 43. Kh2 c4 44. a6 Rd3 45. a7 Rd8 46. a8Q Rxa8 47. Qxa8+ Kh7 48. Qe4+ Qg6 49. Qxc4 Qf5 50. Qd4 Qe6 51. Qd3+ Qg6 52. Qxg6+ Kxg6 53. Kg3 Kf5 54. Kf3 g5 55. g4+ Ke6 56. Ke4 Ke7 57. Kf5 Ke8 58. Kf6 Kf8 59. Bb4+ Kg8 60. Be7 Kh7 61. Kxf7 Kh8 62. Bf6+ Kh7 63. e6 h5 64. e7 hxg4 65. e8Q gxh3 66. Qh8# 1-0

[Event "Gaprindashvili Cup (Women)"]
[Site "Tornelo INT"]
[Date "2020.11.09"]
[Round "5"]
[White "Limar, Ana"]
[Black "Asatiani, Tamar"]
[Result "0-1"]
[WhiteElo "1312"]
[BlackElo "1004"]
[PlyCount "106"]
[EventDate "2020.11.08"]
[EventType "swiss (rapid)"]
[EventRounds "9"]
[EventCountry "GEO"]
[SourceTitle "CBM 199 Extra"]
[Source "ChessBase"]
[SourceDate "2021.01.31"]
[SourceVersion "1"]
[SourceVersionDate "2021.01.31"]
[SourceQuality "1"]

1. e4 e5 2. Nf3 Nc6 3. Bb5 a6 4. Ba4 Nf6 5. d3 d6 6. c3 b5 7. Bc2 Bg4 8. 0-0 Be7 9. Nbd2 0-0 10. Re1 Re8 11. Nf1 d5 12. exd5 Nxd5 13. Ng3 Bf6 14. h3 Be6 15. Ne4 h6 16. Qe2 Nf4 17. Bxf4 exf4 18. Qd2 Ne5 19. Nxf6+ gxf6 20. Nxe5 fxe5 21. Rxe5 Qf6 22. Rae1 Kf8 23. d4 Rad8 24. R1e4 f3 25. Rf4 Qxe5 26. Rxf3 Qg5 27. Qxg5 hxg5 28. Rg3 f6 29. Re3 Bd5 30. Kf1 Rxe3 31. fxe3 Re8 32. Kf2 Kg7 33. b4 Bxa2 34. g4 Bd5 35. Bf5 Be6 36. Bd3 Ra8 37. Be4 Ra7 38. d5 Bd7 39. Bd3 a5 40. Ke2 a4 41. Bb1 a3 42. Ba2 f5 43. Kf3 fxg4+ 44. hxg4 Kf6 45. e4 Ke5 46. Ke3 Bxg4 47. Kd3 Bh3 48. Ke3 g4 49. Kd3 g3 50. Ke3 g2 51. Kf2 Kxe4 52. Kg1 Kd3 53. Kh2 Kxc3 0-1

[Event "Gaprindashvili Cup (Women)"]
[Site "Tornelo INT"]
[Date "2020.11.08"]
[Round "3"]
[White "Asatiani, Tamar"]
[Black "Antia, Sopia"]
[Result "0-1"]
[WhiteElo "1004"]
[BlackElo "1594"]
[PlyCount "98"]
[EventDate "2020.11.08"]
[EventType "swiss (rapid)"]
[EventRounds "9"]
[EventCountry "GEO"]
[SourceTitle "CBM 199 Extra"]
[Source "ChessBase"]
[SourceDate "2021.01.31"]
[SourceVersion "1"]
[SourceVersionDate "2021.01.31"]
[SourceQuality "1"]

1. e4 c5 2. Nf3 Nc6 3. d4 cxd4 4. Nxd4 e5 5. Nf3 Nf6 6. Nc3 Bb4 7. Bd3 d5 8. exd5 Nxd5 9. Bd2 Nxc3 10. Bxc3 Bxc3+ 11. bxc3 0-0 12. 0-0 Qa5 13. Qd2 Be6 14. Rfe1 Rad8 15. Qe3 f6 16. Reb1 Rd7 17. Nd2 f5 18. Nb3 Bxb3 19. Rb2 Be6 20. Rb5 Qxc3 21. Rab1 e4 22. Rc5 Qa3 23. Bc4 Qxe3 24. Bxe6+ Kh8 25. fxe3 Re7 26. Bxf5 g6 27. Bg4 Ne5 28. Be2 b6 29. Rd5 Rc8 30. Rb2 Nc4 31. Rb3 Na5 32. Rb2 Rc3 33. Rd8+ Kg7 34. Rd4 Rxe3 35. Kf2 Rc3 36. a4 Nc6 37. Rd6 Ne5 38. Rd4 Nd7 39. Bc4 Nc5 40. Bb3 e3+ 41. Ke2 Ne4 42. Bd5 Nc5 43. Bb3 Nxb3 44. cxb3 Rf7 45. Ke1 Rc1+ 46. Rd1 Rxd1+ 47. Kxd1 Rf1+ 48. Ke2 Rf2+ 49. Kxe3 Rxb2 0-1

[Event "Gaprindashvili Cup (Women)"]
[Site "Tornelo INT"]
[Date "2020.11.08"]
[Round "1"]
[White "Asatiani, Tamar"]
[Black "Koridze, Lile"]
[Result "0-1"]
[WhiteElo "1004"]
[BlackElo "2016"]
[PlyCount "108"]
[EventDate "2020.11.08"]
[EventType "swiss (rapid)"]
[EventRounds "9"]
[EventCountry "GEO"]
[SourceTitle "CBM 199 Extra"]
[Source "ChessBase"]
[SourceDate "2021.01.31"]
[SourceVersion "1"]
[SourceVersionDate "2021.01.31"]
[SourceQuality "1"]

1. e4 c5 2. Nf3 d6 3. d4 cxd4 4. Nxd4 Nf6 5. Nc3 Nc6 6. Bc4 e6 7. Bg5 Be7 8. 0-0 a6 9. Re1 0-0 10. Nxc6 bxc6 11. Qd3 Qc7 12. Qg3 Kh8 13. Bxf6 Bxf6 14. Rad1 Rd8 15. Re2 Qe7 16. Rde1 Bb7 17. Bd3 e5 18. Re3 Bg5 19. R3e2 Bf4 20. Qf3 Bc8 21. g3 Bg5 22. Qg2 Be6 23. Rf1 Qd7 24. Rfe1 Bf6 25. Re3 d5 26. exd5 cxd5 27. Nb1 e4 28. Bf1 Bd4 29. Rb3 Qa7 30. Re2 Bg4 31. Rd2 Bf3 32. Qh3 e3 33. Rxd4 exf2+ 34. Kxf2 Qxd4+ 35. Kxf3 Qd1+ 36. Be2 Qxb1 37. Rb7 Qxc2 38. Rb3 Qe4+ 39. Kf2 Re8 40. Qf1 Rac8 41. Bd3 Qe3+ 42. Kg2 Qd2+ 43. Kh3 Rc6 44. Qxf7 Rh6+ 45. Kg4 Qd1+ 46. Qf3 Qe1 47. Be2 Rf6 48. Qxd5 Qxe2+ 49. Kg5 Re5+ 50. Qxe5 Qxe5+ 51. Kh4 Rh6+ 52. Kg4 Qe4+ 53. Kg5 Rg6+ 54. Kh5 Qg4# 0-1